| 000 | 01080nam a2200289 u 4500 | ||
|---|---|---|---|
| 001 | 000039174 | ||
| 003 | DO-SdBNP | ||
| 005 | 20240410073848.0 | ||
| 008 | 090702s2013 dr ac 001 0 spa d | ||
| 020 | _a8449993067 | ||
| 040 |
_aDO-SdBNP _bspa _cBNPHU |
||
| 082 |
_a972.93052 _bB171i, 2013 _222 |
||
| 245 | 1 | 3 |
_aLa isla al revés : _bHaití y el destino dominicano / _cJoaquín Balaguer. |
| 250 | _a12a. ed. | ||
| 260 |
_aSanto Domingo : _bCorripio, _c2013. |
||
| 300 |
_a260 p. : _bil., retrs. ; _c23 cm. |
||
| 500 | _aIncluye índice | ||
| 500 | _aIncluye referencias bibliográficas y notas al píe de las paginas | ||
| 504 | _aBibliografía: p. 2249 -252 | ||
| 590 | _aInventariado, 2023/MFF | ||
| 651 | 1 | 4 |
_aRepública Dominicana _xHistoria _yOcupación haitiana, 1822-1844 _97666 |
| 651 | 1 | 0 |
_aRepública Dominicana -- _xHistoria -- _y1844-1930 _91009 |
| 651 | 1 | 4 |
_aRepública Dominicana _xRelaciones exteriores _zHaití _95153 |
| 651 | 1 | 4 |
_aHaití _xRelaciones exteriores _zRepública Dominicana _92614 |
| 910 | _aValidado. Control de calidad MFF | ||
| 942 |
_2ddc _cLBS1 |
||
| 999 |
_c38664 _d38664 |
||